Countries With One Word And Two I's - Statistics

General Stats
  • This quiz has been taken 43,976 times
    43,447 since last reset
  • The average score is 12 of 20
Answer Stats
Continent Country % Correct
South America Bolivia
80%
Oceania Fiji
78%
Oceania Kiribati
78%
Asia India
76%
Asia Indonesia
76%
North America Haiti
68%
Africa Ethiopia
63%
Europe Lithuania
63%
Africa Namibia
63%
Africa Nigeria
63%
North America Dominica
57%
Africa Mauritania
57%
Europe Liechtenstein
56%
Asia Philippines
53%
Africa Djibouti
52%
Africa Eswatini
52%
Africa Liberia
50%
Africa Mauritius
50%
Asia Tajikistan
49%
Africa Tunisia
49%
No matching quizzes found
Score Distribution
Percent of People with Each Score
Percentile by Number Answered
Your Score History
You have not taken this quiz since the last reset